00633nam a22001697a 4500008004100000020001500041050002100056100001900077245004000096260004600136300002500182500002100207650004800228650006800276650008400344650003500428160926b xxu||||| |||| 00| 0 eng d a0192831550 aPR 2894 .S4 1991 aSchoenbaum, S. aShakespeare's Lives/cS. Schoenbaum aNew York:bOxford University Press,c1991 axix, 612p. :bill. ; aIncludes indexes aShakespeare, William, 1564-1616 xBiography aShakespeare, William, 1564-1616, in fiction, drama, poetry etc. aDramatists, EnglishxEarly mordern, 1500-1700yBiographyzHistory and critisism aBiography (as a literaly form)